Coupe du Monde 2022: le nom des pays qualifiés en Hongrois - Statistiques

Statistiques générales
  • Ce quiz a été pris 74 fois
  • Le résultat moyen est 29 sur 32
Statistiques - réponses
Réponse % Correct
Argentine
99%
Angleterre
97%
Arabie Saoudite
97%
Australie
97%
Belgique
97%
Brésil
97%
Cameroun
97%
Canada
97%
Corée du Sud
97%
Costa Rica
97%
France
97%
Ghana
97%
Iran
97%
Japon
97%
Maroc
97%
Mexique
97%
Pays-Bas
97%
Pays de Galles
97%
Portugal
97%
Qatar
97%
Sénégal
97%
Serbie
97%
Tunisie
97%
Uruguay
97%
Equateur
96%
Espagne
93%
Danemark
91%
Suisse
66%
Allemagne
63%
Croatie
60%
Etats-Unis
57%
Pologne
54%
Aucun quiz correspondant
Distribution des résultats
% des personnes avec chaque résultat
Percentile par nombre de réponses
Votre historique - résultats
Vous n’avez pas pris ce quiz